<?xml version="1.0" encoding="UTF-8"?><?xml-stylesheet type="text/xsl" href="static/style.xsl"?><OAI-PMH xmlns="http://www.openarchives.org/OAI/2.0/" xmlns:xsi="http://www.w3.org/2001/XMLSchema-instance" xsi:schemaLocation="http://www.openarchives.org/OAI/2.0/ http://www.openarchives.org/OAI/2.0/OAI-PMH.xsd"><responseDate>2026-06-04T13:29:53Z</responseDate><request verb="GetRecord" identifier="oai:recam.amb.cat:20.500.14439/4761" metadataPrefix="marc">https://recam.amb.cat/rest/oai/request</request><GetRecord><record><header><identifier>oai:recam.amb.cat:20.500.14439/4761</identifier><datestamp>2026-04-28T23:45:23Z</datestamp><setSpec>com_20.500.14439_2794</setSpec><setSpec>com_20.500.14439_113</setSpec><setSpec>col_20.500.14439_4607</setSpec></header><metadata><record xmlns="http://www.loc.gov/MARC21/slim" xmlns:dcterms="http://purl.org/dc/terms/" xmlns:xsi="http://www.w3.org/2001/XMLSchema-instance" xmlns:doc="http://www.lyncode.com/xoai" xsi:schemaLocation="http://www.loc.gov/MARC21/slim http://www.loc.gov/standards/marcxml/schema/MARC21slim.xsd">
   <leader>00925njm 22002777a 4500</leader>
   <datafield ind2=" " ind1=" " tag="042">
      <subfield code="a">dc</subfield>
   </datafield>
   <datafield ind2=" " ind1=" " tag="720">
      <subfield code="a">Àrea Metropolitana de Barcelona</subfield>
      <subfield code="e">author</subfield>
   </datafield>
   <datafield ind2=" " ind1=" " tag="260">
      <subfield code="c">2020-07-01</subfield>
   </datafield>
   <datafield ind2=" " ind1=" " tag="520">
      <subfield code="a">El tercer volum de la revista Lux Barcelona està dedicat de forma monogràfica a la dimensió global del foment de la integritat pública. L’Àrea Metropolitana de Barcelona, conjuntament amb Bogotà, Montreal i París, ha articulat una xarxa de cooperació internacional mitjançant el Programa Lorenzetti d’intercanvi d’experiències i bones pràctiques en l’àmbit de la transparència, la integritat pública, la prevenció de la corrupció i el bon govern. El resultat d’aquest projecte és el document de síntesi, que constitueix el «pilar» d’aquest volum, on es recullen de manera sistematitzada les iniciatives, experiències i bones pràctiques que els diversos socis han compartit en el marc del Programa Lorenzetti i que es van presentar a Nova York, davant l’Oficina d’Ètica de les Nacions Unides, el 20 de juny de 2019.</subfield>
   </datafield>
   <datafield ind1="8" ind2=" " tag="024">
      <subfield code="a">2604-0964 (papel)</subfield>
   </datafield>
   <datafield ind1="8" ind2=" " tag="024">
      <subfield code="a">https://hdl.handle.net/20.500.14439/4761</subfield>
   </datafield>
   <datafield ind1="8" ind2=" " tag="024">
      <subfield code="a">2604-0980 (digital)</subfield>
   </datafield>
   <datafield ind1="8" ind2=" " tag="024">
      <subfield code="a">19265-2020</subfield>
   </datafield>
   <datafield tag="653" ind2=" " ind1=" ">
      <subfield code="a">Integritat</subfield>
   </datafield>
   <datafield ind2="0" ind1="0" tag="245">
      <subfield code="a">Lux Barcelona, 3 [versió en castellà]</subfield>
   </datafield>
</record></metadata></record></GetRecord></OAI-PMH>